Zippy's tall tale / (Record no. 4714)

MARC details
000 -LEADER
fixed length control field 01164nam a22002657a 4500
001 - CONTROL NUMBER
control field 4714
003 - CONTROL NUMBER IDENTIFIER
control field FISKH
005 - DATE AND TIME OF LATEST TRANSACTION
control field 20250827144945.0
008 - FIXED-LENGTH DATA ELEMENTS--GENERAL INFORMATION
fixed length control field 240925b cb ||||| |||| 00| 0 eng d
020 ## - INTERNATIONAL STANDARD BOOK NUMBER
International Standard Book Number 9780545112420
040 ## - CATALOGING SOURCE
Original cataloging agency FISKH
Language of cataloging eng
Transcribing agency FISKH
Modifying agency FISKH
050 ## - LIBRARY OF CONGRESS CALL NUMBER
Classification number PZ7.M85354
082 ## - DEWEY DECIMAL CLASSIFICATION NUMBER
Edition number 310
100 ## - MAIN ENTRY--PERSONAL NAME
Personal name Moss, Olivia
245 ## - TITLE STATEMENT
Title Zippy's tall tale /
Statement of responsibility, etc. by Olivia Moss illustrated by Helen Turner
250 ## - EDITION STATEMENT
Edition statement First printing in 2009
260 ## - PUBLICATION, DISTRIBUTION, ETC.
Place of publication, distribution, etc. London :
Name of publisher, distributor, etc. Scholastic,
Date of publication, distribution, etc. 2009.
300 ## - PHYSICAL DESCRIPTION
Extent 72 pages :
Other physical details illustrations ;
Dimensions 20cm
520 ## - SUMMARY, ETC.
Summary, etc. "In Butterfly Meadow, colorful butterflies dance through the air, glowworms inch through the grass, and bumblebees buzz around every flower. It's a place where friendships and adventures take flight! Zippy, a migrating butterfly, has lots of exciting stories to tell! But when Dazzle joins him on a trip to the mountains, she learns that Zippy's stories aren't what they seem. Could his tall tales land them in a ton of trouble?"--p. [4] of cover.
650 ## - SUBJECT ADDED ENTRY--TOPICAL TERM
Source of heading or term Migration
Topical term or geographic name entry element Fiction
650 ## - SUBJECT ADDED ENTRY--TOPICAL TERM
Source of heading or term Butterfly Meadow
Topical term or geographic name entry element Animals
700 ## - ADDED ENTRY--PERSONAL NAME
Personal name Turner, Helen
Dates associated with a name Illustrator
942 ## - ADDED ENTRY ELEMENTS (KOHA)
Source of classification or shelving scheme Dewey Decimal Classification
Koha item type Books
Suppress in OPAC No
Holdings
Withdrawn status Lost status Source of classification or shelving scheme Damaged status Not for loan Collection Home library Current library Shelving location Date acquired Total Checkouts Full call number Barcode Date last seen Copy number Price effective from Koha item type
    Dewey Decimal Classification     Fiction Footprints International School Library Network Toul Tom Poung Campus Footprints International School Library Network Toul Tom Poung Campus TTP Secondary Fiction Bookshelves 09/25/2024   MOS 310 PZ7.M85354 2024-2072 09/25/2024 1 09/25/2024 Books
    Dewey Decimal Classification     Fiction Footprints International School Library Network Toul Tom Poung Campus Footprints International School Library Network Toul Tom Poung Campus TTP Secondary Fiction Bookshelves 08/27/2025   MOS 310 PZ7.M85354 FISTK00206 08/27/2025 2 08/27/2025 Books